000 00331nam a22001457a 4500
003 OSt
005 20211224141430.0
008 211224b |||||||| |||| 00| 0 eng d
020 _a0387941061
040 _cHU
082 _a005.1
100 _aHehner
_924955
245 _aA Practical Theory Of Programming
942 _2ddc
_cBOOKS
_n0
999 _c24004
_d24004